000 00253nam a2200121Ia 4500
100 _aAgeloff/Roy
942 _cBK
654 _aA Printer
245 _aA Printer On SQL
260 _bGalgotia Pub.
_aNEW DELHI
_c1991
300 _a168
546 _aENGLISH
999 _c23042
_d23042